000 00334nam a2200145Ia 4500
008 090124s9999 xx 000 0 und d
082 _b302022
245 _a मळभ
250 _a1
260 _bकुलकर्णी वसंत.
_c1988
300 _a110
630 _a मळभ
730 _a मळभ
942 _cBOOK
999 _c191624
_d191624